Regional unemployment and employment policy in Slovakia
Salvato in:
| Autore principale: | |
|---|---|
| Altri autori: | |
| Natura: | Libro |
| Lingua: | inglese |
| Pubblicazione: |
Vienna
Institute for Advanced Studies
1994
|
| Serie: | East European Studies
no. 8 |
| Soggetti: | |
| Tags: |
Nessun Tag, puoi essere il primo ad aggiungerne!!
|
MARC
| LEADER | 00000nam a2200000 4500 | ||
|---|---|---|---|
| 001 | c005483 | ||
| 005 | 20221205140059.8 | ||
| 041 | 0 | |a eng | |
| 044 | |a AT | ||
| 245 | 1 | 0 | |a Regional unemployment and employment policy in Slovakia |c Pavol Ochotnický, Jana Kohútová |
| 264 | 1 | |a Vienna |b Institute for Advanced Studies |c 1994 | |
| 300 | |a 18 s. | ||
| 490 | 1 | |a East European Studies |v no. 8 | |
| 830 | 0 | |a East European Studies |v no. 8 | |
| 610 | 2 | 0 | |a Slovensko |
| 610 | 2 | 0 | |a zamestnanosť |
| 610 | 2 | 0 | |a nezamestnanosť |
| 610 | 2 | 0 | |a regióny |
| 610 | 2 | 0 | |a trh práce |
| 100 | 1 | |a Ochotnický, Pavol | |
| 700 | 1 | |a Kohútová, Jana | |